One Piece - Lettre S - Statistiques

Statistiques générales
  • Ce quiz a été pris 175 fois
  • Le résultat moyen est 17 sur 25
Statistiques - réponses
Indice Réponse % Correct
Rival de Zoro et cuisinier de l'équipage au chapeau de paille Sanji
100%
Empereur Charismatique au fluide royale très puissant Shanks
100%
Second de l'armée révolutionnaire Sabo
96%
élément qui est donné à maitriser grâce au fruit de Crocodile Sable
95%
Fruit du démon artificiel créer par César Clown Smile
90%
Ancien amiral en chef de la marine Sengoku
88%
Mer d'origine de Kid, Franky, ou même Foxy South Blue
88%
Arme antique surnommé "Poséidon" Shirahoshi
83%
Période de l'histoire étant été effacé Siècle oublié
80%
Île céleste et meilleur arc de One Piece pré - ellipse Skypiea
79%
Armes typique du monde de One Piece, il en existe 21 de qualité supérieur Sabre
76%
Agent colérique du Cp9 ayant une épée éléphant Spandam
76%
Village Natal d'Usopp Sirop
74%
Vice admiral de la marine qui dirige la base du G - 5 Smoker
71%
Ancien rival de Roger et utilisateur du fruit flottant Shiki
68%
Nom de la compagne de Rayleigh et ex capitaine des pirates Kujas Shakuyaku
66%
Forme final des Minks, qu'ils prennent lorsqu'il regarde la lune Sulong
64%
Membre de l'équipage de Doflamingo au passé amoureux tragique Señor Pink
63%
Titre précédent le nom des dragons céleste, pour montrer qu'ils sont des dieux Saint
61%
Ex gardien d'Impel Down qui s'est lancé dans la piraterie Shiryu
45%
Ninja fidèle d’Oden Shinobu
44%
Mystérieuse famille qui dirigeait autrefois Hakumai et Ringo à Wano Shimotsuki
42%
Oiseau ayant toujours le bec pointé vers le sud South Bird
35%
Type de pacifistas à l'effigie des anciens grands corsaires Seraphim
32%
Première île que visite Luffy durant son voyage Shells Town
25%
Aucun quiz correspondant
Distribution des résultats
% des personnes avec chaque résultat
Percentile par nombre de réponses
Votre historique - résultats
Vous n’avez pas pris ce quiz